000 01087nam a2200325Ia 4500
001 Para_1459
003 CHAP
008 220125s2000 xx 000 0 und d
010 _a200206
040 _cCHAP
090 _aPA TESIS 1400
100 _aGonzález Sánchez, J. Santos
_949421
245 _aEvaluación del tebupirimphos para el control de plagas del suelo en el cultivo de maíz (Zea mays L.), en Ahualulco, Jalisco /
_c por J. Santos Gonzáles Sánchez
260 _aChapingo, Méx. :
_b El autor
300 _a83 h.
502 _aTesis (Ing. Agr. Esp. en Parasitología Agrícola), UACh. Depto. Parasitología
650 _aDiabrotica
_932382
650 _aElateridae
_936185
650 _aEntomología
_937113
650 _aMaíz
_x plagas
_971034
650 _aPhyllophaga crinita
_987882
710 _aUACh. Departamento de Parasitología Agrícola
_9115877
901 _aPA TESIS 1400
902 _aA
905 _a0000002000 a 0000000000 00
910 _a2000
942 _cPARA
942 _cPARA
_d1
999 _c200206
_d200206